000 00431pab a2200169 454500
008 180718b2013 xxu||||| |||| 00| 0 eng d
100 _aDjurovic, Mateja
245 _aEU consumer law outside the European Union: The case of Albania
260 _c2013
300 _ap.269-285.
362 _aSep
650 _aEuropean union
650 _aConsumers
773 _aJournal of Consumer Policy
908 _aN
909 _a101489
999 _c101487
_d101487